000 00437nam a2200181Ia 4500
001 10758
005 20260306161855.0
008 260306t2007||||xx |||||||||||||| ||spa||
041 _aESP
082 _a947.084
_bS78
100 _aPlaneta Colombiana
_eAUT
245 0 _aStalingrado:
_bla tumba blanca del Reich
260 _c2007
300 _a156 páginas :
_c22 cm.
650 _aGEN
654 _aCHU
942 _cLIB
_dJUS
_fJUS
_2ddc
_n
999 _c10758
_d10758